| 000 | 01155cam a22002771i 4500 | ||
|---|---|---|---|
| 003 | OSt | ||
| 005 | 20241230143005.0 | ||
| 008 | 241228s1998 su g f00000 ara c | ||
| 020 | _a9960002519 | ||
| 035 | _aAUC_OC_93833 | ||
| 040 |
_aSA-JeALM _bara _cSA-RiAUC _erda |
||
| 043 | _aa-su--- | ||
| 082 | 0 | 4 |
_a361.3709531 _qSA-RiAUC |
| 090 |
_a361.3709531 _b ن ع ي |
||
| 100 | 1 |
_aالنعيم، عبد الله العلي، _d1932- _eمؤلف. |
|
| 245 | 1 | 2 |
_aالعمل الاجتماعي التطوعي مع التركيز على العمل التطوعي في المملكة العربية السعودية / _cعبد الله العلي النعيم. |
| 264 | 1 |
_aالرياض : _bمكتبة الملك فهد الوطنية، _c2005 |
|
| 300 |
_a32 صفحة ؛ _c24 سم. |
||
| 336 |
_aنص _btxt _2rdacontent _3كتاب |
||
| 337 |
_aبدون وسيط _bn _2rdamedia |
||
| 338 |
_aمجلد _bnc _2rdacarrier |
||
| 650 | 7 |
_aالخدمة الاجتماعية التطوعية _zالسعودية _2aucsh |
|
| 650 | 7 |
_aالجمعيات الخيرية _zالسعودية _2aucsh |
|
| 942 |
_2ddc _cBOOK _n0 |
||
| 949 |
_aSA-JeALM _d241228 _umohamedma123 _n1 |
||
| 999 |
_c4139 _d4139 |
||